=LDR 00000nam 2200000 4500 =001 INLIS000000000056964 =005 20201105013955 =035 ##$$a 0010-1120000035 =008 201105################g##########0#ind## =041 ##$$a Ind =082 ##$$a 301.07 =090 ##$$a 301.07, Sos s =245 ##$$a Sosiologi 2 untuk SMU kelas 3 : $b caturwulan I,II dan III /$c Drs.Mamad Halid ...[et.al.] editor, Nukman Hanafi =260 ##$$a Bandung :$b Remaja Rosdakarya,$c 1997 =300 ##$$a viiI, 275 hlm. ; $c 20 x 14 cm. =650 #4$$a Sosiologi =850 ##$$a NBPNMAT =084 ##$$a 301.07 SOS s =250 ##$$a cet. 1 =700 #$$a Nukman Hanafi =520 ##$$a Bibliografi hlm. 275 =020 ##$$a 979-514-647-5 =990 ##$$a 04730473 =990 ##$$a 131.161/Pro.98 =990 ##$$a 1199800729 =990 ##$$a 131.161/Pro.98 =990 ##$$a 1199800729